000 00804nam a2200265 i 4500
001 10662
003 ES-MaACL
005 20251011063048.0
007 t|
008 950929s1990 sp |||| | spa d
020 _a84-344-8339-4
080 _a008(460)"16"
080 _a308(460)"16"
100 1 _aMaravall, José Antonio,
_d1911-1986
_976329
245 1 3 _aLa cultura del barroco
_b: análisis de una estructura histórica /
_cJosé Antonio Maravall.
250 _a5ª ed.
260 _aBarcelona :
_bAriel,
_c1990.
300 _a542 p. ;
_c21 cm.
490 1 _aLetras e ideas
650 1 4 _aBarroco-
_zEspaña.
_910502
651 4 _aEspaña-
_xSituación social-
_y1516-1700.
_9167675
830 0 _aLetras e ideas
_9176527
852 _aES-MaACL
_jL-17969
999 _c10662
_d10662